[Event "Avoine op 33rd"]
[Site "Avoine"]
[Date "2018.07.21"]
[Round "1"]
[White "Josse, Sebastien"]
[Black "Degardin, Sylvain"]
[Result "0-1"]
[WhiteElo "1867"]
[BlackElo "2197"]
[PlyCount "68"]
[EventDate "2018.07.21"]
[EventType "swiss"]
[EventRounds "9"]
[EventCountry "FRA"]
[SourceTitle "CBM 185 Extra"]
[Source "ChessBase"]
[SourceDate "2018.07.29"]
[SourceVersion "1"]
[SourceVersionDate "2018.07.29"]
[SourceQuality "1"]

1. e4 c5 2. Nc3 d6 3. f4 Nc6 4. Nf3 g6 5. g3 Bg7 6. Bg2 e6 7. 0-0 Nge7 8. d3 0-0 9. Qe1 Nd4 10. Nxd4 cxd4 11. Ne2 Qc7 12. c3 dxc3 13. bxc3 Bd7 14. Bd2 Bb5 15. d4 f5 16. Qf2 fxe4 17. Bxe4 e5 18. Qg2 Bxe2 19. Qxe2 exd4 20. c4 Rae8 21. Qd3 Nf5 22. Rab1 b6 23. Rfe1 Ne3 24. a4 Kh8 25. Rec1 Qe7 26. Bf3 g5 27. Bh5 Qb7 28. Qe2 gxf4 29. Bxe8 f3 30. Qf2 Ng4 31. Bh5 Nxf2 32. Kxf2 Qe4 33. Re1 Qc2 34. Red1 Qd3 0-1

[Event "Angers op 10th"]
[Site "Angers"]
[Date "2015.04.24"]
[Round "1"]
[White "Josse, Sebastien"]
[Black "Duboue, Peio"]
[Result "0-1"]
[WhiteElo "1754"]
[BlackElo "2291"]
[PlyCount "58"]
[EventDate "2015.04.24"]
[EventType "swiss"]
[EventRounds "6"]
[EventCountry "FRA"]
[SourceTitle "CBM 166 Extra"]
[Source "ChessBase"]
[SourceDate "2015.06.18"]
[SourceVersion "1"]
[SourceVersionDate "2015.06.18"]
[SourceQuality "1"]

1. e4 e5 2. d4 exd4 3. Qxd4 Nc6 4. Qe3 Nf6 5. Nc3 Bb4 6. Bd2 0-0 7. 0-0-0 Re8 8. Qg3 Rxe4 9. f3 Re8 10. Bd3 Ne5 11. Bg5 Nxd3+ 12. Rxd3 Be7 13. Nh3 d6 14. Qh4 h6 15. Bxh6 gxh6 16. Qxh6 Bf8 17. Qg5+ Bg7 18. f4 Ng4 19. Qh5 Qf6 20. Rg3 Qf5 21. Ng5 Qxf4+ 22. Kb1 Re5 23. Qh7+ Kf8 24. Nxf7 Qxf7 25. Rf3 Bf5 26. Rhf1 Re1+ 27. Rxe1 Bxh7 28. Rxf7+ Kxf7 29. Nd5 c6 0-1

[Event "Louviers op 12th"]
[Site "Louviers"]
[Date "2009.05.30"]
[Round "2"]
[White "Guillaumat, Jean Pierre"]
[Black "Josse, Sebastien"]
[Result "0-1"]
[WhiteElo "1957"]
[BlackElo "1800"]
[PlyCount "112"]
[EventDate "2009.05.30"]
[EventType "swiss"]
[EventRounds "6"]
[EventCountry "FRA"]
[SourceTitle "EXT 2011"]
[Source "ChessBase"]
[SourceDate "2010.11.26"]
[SourceVersion "1"]
[SourceVersionDate "2010.11.26"]
[SourceQuality "1"]

1. d4 Nf6 2. c4 e6 3. Nf3 c5 4. d5 exd5 5. cxd5 d6 6. Nc3 g6 7. e4 Nbd7 8. Bd3 a6 9. a4 Bg7 10. 0-0 0-0 11. Bf4 Qe7 12. Re1 Nh5 13. Bg5 f6 14. Bh4 g5 15. Bg3 Nxg3 16. hxg3 Qf7 17. Qc2 Bh8 18. Re3 Qh5 19. Be2 g4 20. Nh4 Ne5 21. Nf5 Bxf5 22. exf5 Bg7 23. Bd3 Bh6 24. Ree1 Qf7 25. Be4 Rae8 26. Re2 Re7 27. a5 Rfe8 28. Rae1 c4 29. b3 Rc7 30. b4 Rec8 31. Na4 c3 32. Nb6 Rd8 33. Qb3 Bd2 34. Rd1 Qe8 35. Qc2 Qf7 36. f4 gxf3 37. gxf3 Kh8 38. Rh2 Rg8 39. Kf2 Qg7 40. Rg1 Nc4 41. Nxc4 Rxc4 42. Qd3 Qc7 43. Rgh1 Rg7 44. Qc2 Rxb4 45. Rb1 Qc5+ 46. Kg2 Qxa5 47. Kh3 Qb5 48. Rxb4 Qxb4 49. g4 Qc5 50. Re2 h6 51. Kg3 Qg1+ 52. Rg2 Qe1+ 53. Kh3 h5 54. Qa4 Qh1+ 55. Kg3 h4+ 56. Kf2 Qe1# 0-1